00640 2200229 4500001002100000005001500021035002000036007000300056008004100059020002200100082001400122084002000136100002300156245009600179250001000275260002900285300002300314650002000337700002000357700002200377990001100399INLIS00000000001398120220801105935 a0010-0822000020ta220801 g 1 ind  a978-602-9225-76-1 a899.221 3 a899.221 3 ALC l0 aALCOTT, Louisa May1 aLittle Women /cLouisa May Alcott; penerjemah, Utti Setiawati; penyunting, Prisca Primasari acet.1 aBandung :bQanita,c2013 a436 hal. ;c21 cm. 4aFIKSI INDONESIA0 aUTTI, Setiawati0 aPRISCA, Primasari a4691 a